Speciální analytická chemie pro posluchače hydrogeologie /

Hlavní autor: Adam, Jiří, 1928-
Jazyk: Čeština
Vydáno: Praha : Státní pedagogické nakladatelství, 1965
Vydání: 1. vyd.
Edice: Učební texty vysokých škol
Externí odkaz: Digitalizovaný dokument
Fyzický popis: 280 s.
Knihy
Uloženo v:
LEADER 00981nam a2200253 a 4500
001 000665542
003 CZ BrMZK
005 20101215132201.0
008 030409s1965 xr f cze d
015 |a cnb000220009 
035 |a (OCoLC)42132768 
040 |a BOA001  |b cze  |c BOA001 
100 1 |a Adam, Jiří,  |d 1928-  |7 jk01010021  |4 aut 
245 1 0 |a Speciální analytická chemie pro posluchače hydrogeologie /  |c Jiří Adam 
250 |a 1. vyd. 
260 |a Praha :  |b Státní pedagogické nakladatelství,  |c 1965 
300 |a 280 s. 
490 1 |a Učební texty vysokých škol 
504 |a Bibliografie na s. 275-276 
810 2 |a Univerzita Karlova.  |b Přírodovědecká fakulta.  |t Učební texty  |0 s 
856 4 1 |u http://www.digitalniknihovna.cz/mzk/uuid/uuid:2af0a3f0-17e9-11e4-8e0d-005056827e51  |y Digitalizovaný dokument  |x NDK 
910 |a BOA001  |b PK-N-0008.542 
990 |a BK 
996 6 |b BC-89013  |c PK-N-0008.542  |l MZK  |r Sklad / do 1 hodiny  |n 0  |w 000665542  |u 000010  |a 1  |e BOA001  |j MZK50  |s P